000
00329nam a2200133Ia 4500
008
240624s9999 xx 000 0 und d
041
_a
eng
082
_a
338.1 MAR
100
_a
MARTIN CARIN
245
_a
WORLD OF AGRICULTURAL ECONOMICS AN INTRO
260
_c
2012
_a
London
_b
Routledge
300
_a
256 : p.
365
_c
GBP
_b
28
999
_c
22178
_d
22178